A-Z footballers - Statistiques

Statistiques générales
  • Ce quiz a été pris 105 fois
  • Le résultat moyen est 19 sur 26
Statistiques - réponses
Par images Réponse % Correct
Karim Benzema
100%
Kylian et Ethan Mbappe
98%
Neymar
98%
Cristiano Ronaldo
97%
Edinson Cavani
97%
Pelé
97%
Samuel Umtiti
94%
Christian Eriksen
92%
Roberto Firmino
86%
Nicolas Anelka
83%
Ricardo Quaresma
82%
Matthijs De Ligt
76%
Zinedine Zidane
76%
Sakina Karchaoui
75%
Lorenzo Insigne
74%
Ryan Giggs
74%
Iñaki Williams
70%
Leandro Trossard
63%
Lev Yachine
61%
Giovani Lo Celso
57%
Jan Vertonghen
57%
Nelson Semedo
52%
Jay-Jay Okocha
51%
Mia Hamm
34%
Xeka
34%
Jéremy Jacquet
27%
Aucun quiz correspondant
Distribution des résultats
% des personnes avec chaque résultat
Percentile par nombre de réponses
Votre historique - résultats
Vous n’avez pas pris ce quiz